01149nam a2200193Ia 4500001001100000003001000011008004100021040002500062041001300087100002800100245005400128250001100182260008800193300001100281500026400292501011400556520026400670650002100934L241-27536IT-CnALBA170116s9999||||xx |||||||||||||| ||und|| aIT-CnALBAcIT-CnALBA aITALIANO aOGGIONI GIULIO, VESCOVO 0aISPIRAZIONE CRISTIANA. GIORNALISTI E MASS MEDIA.  a1a ed. a BERGAMObSESA SOC. EDIZ. S. ALESS. c1992 [1° Ed.:1992 - Ed.Ling.Originale: 1992] a61 p.  aISPIRAZIONE CRISTIANA DEI MASS MEDIA. CONVEGNO DIOCESANO. IL GIORNALISTA. L'ECO DI BERGAMO. COMUNIONE E PROGRESSO. GIORNALISTA. S. FRANCESCO DI SALES PATRONO. GIORNALISTA REALTÀ LETTORI. LIBERTÀ DI STAMPA. STAMPA E CULTURA POPOLARE. FIGURA E COMPITO. TENT aSocietà San Paolo EM - Piazza San Paolo, 14 - 12051 ALBA (CN) (non commercial uses only) ® Copyright 2017 aISPIRAZIONE CRISTIANA DEI MASS MEDIA. CONVEGNO DIOCESANO. IL GIORNALISTA. L'ECO DI BERGAMO. COMUNIONE E PROGRESSO. GIORNALISTA. S. FRANCESCO DI SALES PATRONO. GIORNALISTA REALTÀ LETTORI. LIBERTÀ DI STAMPA. STAMPA E CULTURA POPOLARE. FIGURA E COMPITO. TENT aMORALE CATTOLICA